Movies Quiz

Random Movies or Quote Quiz

Most Quotable Actors Quiz Stats

 Plays Quiz Updated Oct 10, 2016

Challenge
Share
Tweet
Embed
Score 0/74 Timer 10:00
0 Plays Today
# of quotes Actor % Correct
5Robert DeNiro
63.6%
6Al Pacino
62.9%
5Tom Hanks
61.9%
4Marlon Brando
60.5%
2Tom Cruise
59%
2Robin Williams
58.5%
6Jack Nicholson
54.2%
11Humphrey Bogart
53.5%
2Harrison Ford
49.8%
4Clint Eastwood
45.8%
4Katharine Hepburn
42.9%
2Meryl Streep
41.3%
5James Stewart
40.8%
3Cary Grant
38.3%
4Dustin Hoffman
37.9%
2Paul Newman
34.5%
4John Wayne
33.2%
2Julia Roberts
33.1%
4Bette Davis
30.5%
2Sean Connery
29.8%
2Arnold Schwarzenegger
28.9%
2Henry Fonda
27.2%
5Woody Allen
26.4%
4Vivien Leigh
26.2%
5Judy Garland
26%
2Jim Carrey
25.1%
2Kirk Douglas
24.2%
2Diane Keaton
23.4%
2Melvyn Douglas
23.1%
2Anthony Hopkins
22%
3Bill Murray
21.9%
2Kevin Costner
19.4%
2Charlton Heston
19.4%
2Jack Lemmon
18.5%
4James Cagney
17.8%
2Spencer Tracy
17.4%
3Ingrid Bergman
17.2%
# of quotes Actor % Correct
2Orson Welles
16%
2Gary Cooper
15.4%
2Sidney Poitier
15.2%
4Mae West
15%
2Lauren Bacall
14.8%
6Groucho Marx
13.8%
3Chico Marx
13.2%
2Billy Crystal
13%
4Mike Myers
12.8%
2John Belushi
12.8%
2Spike Lee
12.7%
4Greta Garbo
12.7%
2Peter O'Toole
12.5%
2Patrick Swayze
10.8%
2W.C. Fields
9.9%
2Faye Dunaway
9.8%
4Peter Sellers
9.5%
2Anthony Perkins
9.3%
2Burt Lancaster
8.7%
2Roy Scheider
8.2%
2George C. Scott
8.1%
2Shirley MacLaine
7.9%
2Ben Kingsley
6.3%
3Robert Mitchum
5.7%
2Kathy Bates
5.6%
3Gloria Swanson
5.4%
2Kathleen Turner
5.3%
2Vince Vaughn
5.3%
3Barbara Stanwyck
5%
2Margaret Hamilton
4.5%
2Marlene Dietrich
4.3%
2Deborah Kerr
3.6%
2Dana Carvey
3.5%
2Charles Laughton
2.9%
2Jean Harlow
2.5%
2Richard S. Castellano
1.3%
2Roddy McDowall
1.1%

You're not logged in!

Compare scores with friends on all Sporcle quizzes.
Join for Free
OR
Log In

You Might Also Like...

Show Comments

Extras

Top Quizzes Today


Score Distribution

Your Account Isn't Verified!

In order to create a playlist on Sporcle, you need to verify the email address you used during registration. Go to your Sporcle Settings to finish the process.

Report this User

Report this user for behavior that violates our Community Guidelines.

Details: